000
00329nam a22001457a 4500
008
230508b ||||| |||| 00| 0 eng d
020
_a
9781437734904
041
_a
eng
080
_2
SEVENTH EDITION
_a
34
082
_a
34TRA
100
_a
30
101
_a
JUERDIK
245
_a
CRIMINAL JUSTICE
_c
TRAVIS.F.L
942
_2
udc
_c
BK
999
_c
59671
_d
59671